| 000 | nam a22 7a 4500 | ||
|---|---|---|---|
| 999 |
_c342332 _d342332 |
||
| 003 | NUST | ||
| 005 | 20171218150410.0 | ||
| 008 | 171218b xxu||||| |||| 00| 0 eng d | ||
| 040 | _c0 | ||
| 082 | _a692 PWD | ||
| 245 | _aSchedule of Rates-2004 for Building and Roads | ||
| 260 |
_aPakistan _bPakistan Public Works Department _c2004 |
||
| 300 | _a566p. | ||
| 500 | _aH.B | ||
| 942 |
_2ddc _cBK _kIESE |
||